Legendary Princesses : (Record no. 203567)

MARC details
000 -LEADER
fixed length control field 00875nam a2200253 i 4500
005 - DATE AND TIME OF LATEST TRANSACTION
control field 20260408123607.0
008 - FIXED-LENGTH DATA ELEMENTS--GENERAL INFORMATION
fixed length control field 260330t20252025my a br o000 1 eng d
020 ## - INTERNATIONAL STANDARD BOOK NUMBER
International Standard Book Number 9789834950408
Terms of availability RM12.00
Qualifying information paperback
040 ## - CATALOGING SOURCE
Original cataloging agency PPAK
Language of cataloging eng
Transcribing agency PPAK
Description conventions rda
082 04 - DEWEY DECIMAL CLASSIFICATION NUMBER
Edition number 23
Classification number 398.209595
090 00 - LOCALLY ASSIGNED LC-TYPE CALL NUMBER (OCLC); LOCAL CALL NUMBER (RLIN)
Classification number (OCLC) (R) ; Classification number, CALL (RLIN) (NR) 398.209595
Feature heading MAS
Feature heading K
100 0# - MAIN ENTRY--PERSONAL NAME
Personal name Maslina Md Nor,
Relator term author
-- illustrator.
245 10 - TITLE STATEMENT
Title Legendary Princesses :
Remainder of title Puteri Gunung Ledang /
Statement of responsibility, etc. Writer and Illustrator Maslina Md Nor
264 #1 - PRODUCTION, PUBLICATION, DISTRIBUTION, MANUFACTURE, AND COPYRIGHT NOTICE
Place of production, publication, distribution, manufacture Kuala Lumpur :
Name of producer, publisher, distributor, manufacturer Dewan Bahasa dan Pustaka,
Date of production, publication, distribution, manufacture, or copyright notice 2025
Date of production, publication, distribution, manufacture, or copyright notice ©2025
300 ## - PHYSICAL DESCRIPTION
Extent 23 unnumbered pages :
Other physical details colour illustrations ;
Dimensions 26 cm
336 ## - CONTENT TYPE
Content type term text
Source rdacontent
337 ## - MEDIA TYPE
Media type term unmediated
Source rdamedia
338 ## - CARRIER TYPE
Carrier type term volume
Source rdacarrier
650 10 - SUBJECT ADDED ENTRY--TOPICAL TERM
Topical term or geographic name entry element Folklore
Geographic subdivision Malaysia
Topical term or geographic name entry element Tales
Geographic subdivision Malaysia
Topical term or geographic name entry element Government publications
Geographic subdivision Malaysia
942 ## - ADDED ENTRY ELEMENTS (KOHA)
Source of classification or shelving scheme Dewey Decimal Classification
Koha item type Book
Holdings
Withdrawn Not for loan Current library Shelving location Date acquired Total Checkouts Full call number Barcode Date last seen Koha item type
    Perpustakaan Alor Setar Pinjaman Kanak-kanak 12/04/2026   K 398.209595 MAS A01902628 12/04/2026 Book
    Perpustakaan Awam Sungai Petani Pinjaman Kanak-kanak 12/04/2026   K 398.209595 MAS A01902629 12/04/2026 Book
    Perpustakaan Baling Pinjaman Kanak-kanak 12/04/2026   K 398.209595 MAS A01902633 12/04/2026 Book
    Perpustakaan Bandar Baharu Pinjaman Kanak-kanak 12/04/2026   K 398.209595 MAS A01902634 12/04/2026 Book
    Perpustakaan Jitra Pinjaman Kanak-kanak 12/04/2026   K 398.209595 MAS A01902630 12/04/2026 Book
    Perpustakaan Kuala Nerang Pinjaman Kanak-kanak 12/04/2026   K 398.209595 MAS A01902638 12/04/2026 Book
    Perpustakaan Kulim Pinjaman Kanak-kanak 12/04/2026   K 398.209595 MAS A01902632 12/04/2026 Book
    Perpustakaan Langkawi Pinjaman Kanak-kanak 12/04/2026   K 398.209595 MAS A01902631 12/04/2026 Book
    Perpustakaan Merbok Pinjaman Kanak-kanak 12/04/2026   K 398.209595 MAS A01902635 12/04/2026 Book
    Perpustakaan Pendang Pinjaman Kanak-kanak 12/04/2026   K 398.209595 MAS A01902639 12/04/2026 Book
    Perpustakaan Sik Pinjaman Kanak-kanak 12/04/2026   K 398.209595 MAS A01902637 12/04/2026 Book
    Perpustakaan Yan Pinjaman Kanak-kanak 12/04/2026   K 398.209595 MAS A01902636 12/04/2026 Book